AFL Top 4 Since 2010 - Statistics

General Stats
  • This quiz has been taken 46 times
    13 since last reset
  • The average score is 43 of 48
Answer Stats
Year Won Grand Final % Correct
Adelaide
100%
Brisbane
100%
2024 Brisbane
100%
2025 Brisbane
100%
2010 Collingwood
100%
Collingwood
100%
Collingwood
100%
2023 Collingwood
100%
Fremantle
100%
2011 Geelong
100%
Geelong
100%
2022 Geelong
100%
Geelong
100%
GWS Giants
100%
Hawthorn
100%
2013 Hawthorn
100%
2014 Hawthorn
100%
2015 Hawthorn
100%
2021 Melbourne
100%
2017 Richmond
100%
2019 Richmond
100%
2020 Richmond
100%
St Kilda
100%
2012 Sydney
100%
Sydney
100%
Sydney
100%
Sydney
100%
Sydney
100%
West Coast
100%
2018 West Coast
100%
2016 Western Bulldogs
100%
Western Bulldogs
100%
Brisbane|Collingwood
75%
Collingwood|Hawthorn
75%
Fremantle|North Melbourne
75%
Geelong|Collingwood
75%
Geelong|Western Bulldogs
75%
GWS Giants|Carlton
75%
Collingwood|Adelaide
63%
Geelong|Port Adelaide
63%
Geelong|Port Adelaide
63%
Geelong|Sydney
63%
GWS Giants|Geelong
63%
GWS Giants|Geelong
63%
Melbourne|Richmond
63%
Port Adelaide|Brisbane
63%
Port Adelaide|North Melbourne
63%
West Coast|Hawthorn
63%
No matching quizzes found
Score Distribution
Percent of People with Each Score
Percentile by Number Answered
Your Score History
You have not taken this quiz since the last reset